| 000 | 00612nam a2200205Ia 4500 | ||
|---|---|---|---|
| 999 |
_c55323 _d55323 |
||
| 005 | 20240530105349.0 | ||
| 008 | 140319s9999 xx 000 0 ara d | ||
| 017 | _bمصر. دار الكتب | ||
| 040 |
_aGCL / _cGCL |
||
| 082 | 0 | 4 |
_a301.2 _bز ع _221 |
| 100 | 1 | _aزيدان عبدالباقى | |
| 245 | 1 | 0 |
_aعلم الاجتماع الاسلامى / _cزيدان عبدالباقى |
| 260 | _c1984 | ||
| 300 | _a195 | ||
| 650 | 0 | 4 |
_aالاسلام والمجتمع _2qrmak |
| 650 | 0 | 4 |
_aالاجتماع _2qrmak |
| 650 | 0 | 4 |
_aالاجتماع الدينى _2qrmak |
| 651 | _2qrmak | ||
| 942 |
_2ddc _cBK |
||